Najpopularniejsi raperzy w tym tygodniu . 14-20.05 - Statystyki

Ogólne statystyki
  • Ten quiz został rozwiązany 17 razy
  • Średni wynik to 11 z 15
Statystyki odpowiedzi
Miejsce w poprzednim tygodniu Wyświetlenia Raper % Poprawnych
#8 3.57M Mata
94%
#9 3.60M Bedoes
82%
#1 13.20M Sobel
82%
#17 2.92M Żabson
82%
#3 7.88M Oki
76%
#4 7.74M Otsochodzi
76%
#13 2.99M Szpaku
76%
#2 9.33M Young Igi
76%
#7 4.03M Kizo
71%
#5 4.48M White 2115
71%
#16 2.79M Paluch
65%
#12 3.21M Tymek
65%
#6 3.18M Białas
59%
#11 3.05M Guzior
59%
#14 3.50M Major SPZ
18%
Nie znaleziono quizów pasujących do podanych kryteriów
Rozkład punktacji
Procent ludzi z każdym wynikiem
Percentyl według liczby udzielonych odpowiedzi
Twoja historia wyników
Nie rozwiązałeś tego quizu